[Event "4NCL Division Three West"]
[Site "Daventry, ENG"]
[Date "2023.02.05"]
[Round "6.42"]
[White "Farrand, Tom"]
[Black "Higgie, Charles L"]
[Result "1/2-1/2"]
[WhiteElo "2146"]
[BlackElo "1913"]
[PlyCount "92"]
[EventDate "2023.02.05"]
[WhiteTeam "CSC/Kingston 1"]
[BlackTeam "Shropshire & Friends"]

1. c4 Nf6 2. g3 g6 3. Bg2 Bg7 4. Nc3 O-O 5. d3 c5 6. e3 Nc6 7. Nge2 e6 8. e4 d6
9. O-O a6 10. h3 Rb8 11. a4 Nd4 12. Nxd4 cxd4 13. Ne2 Nd7 14. b4 a5 15. b5 Nc5
16. f4 f5 17. exf5 gxf5 18. Ba3 b6 19. Bxc5 dxc5 20. Qe1 Bb7 21. Qf2 Qd7 22.
Rae1 Bxg2 23. Qxg2 Qb7 24. Kh2 Qxg2+ 25. Kxg2 Rbe8 26. Ng1 e5 27. fxe5 Bxe5 28.
Re2 Re7 29. Rfe1 Rfe8 30. Nf3 Bf6 31. Rxe7 Rxe7 32. Rxe7 Bxe7 33. Nd2 Kf7 34.
g4 fxg4 35. hxg4 Ke6 36. Kg3 h6 37. Ne4 Ke5 38. Kf3 Bh4 39. Nd2 Bg5 40. Ne4 Bh4
41. Ng3 Bxg3 42. Kxg3 Ke6 43. Kf4 Kf6 44. Ke4 Ke6 45. Kf4 Kf6 46. Ke4 Ke6
1/2-1/2

[Event "4NCL Division Three West"]
[Site "Daventry, ENG"]
[Date "2023.02.05"]
[Round "6.43"]
[White "Pugh, Glyn D"]
[Black "Frostick, Clive A"]
[Result "0-1"]
[WhiteElo "1855"]
[BlackElo "2127"]
[PlyCount "60"]
[EventDate "2023.02.05"]
[WhiteTeam "Shropshire & Friends"]
[BlackTeam "CSC/Kingston 1"]

1. d4 d5 2. c4 e6 3. Nc3 Nf6 4. Nf3 a6 5. cxd5 exd5 6. g3 Bd6 7. Bg2 c6 8. O-O
O-O 9. a4 a5 10. e4 dxe4 11. Ng5 Bg4 12. Qb3 Bb4 13. Be3 h6 14. Ngxe4 Nxe4 15.
Bxe4 Re8 16. Bg2 Nd7 17. d5 Rc8 18. h3 Bf5 19. dxc6 bxc6 20. Rfd1 Qf6 21. Bd4
Qg6 22. Rac1 Be6 23. Qc2 Qxc2 24. Rxc2 Bb3 25. Rcc1 Bxd1 26. Rxd1 Nc5 27. Bxc5
Bxc5 28. Ne4 Bf8 29. Rd7 Rb8 30. Ra7 Rxb2 0-1

[Event "4NCL Division Three West"]
[Site "Daventry, ENG"]
[Date "2023.02.05"]
[Round "6.44"]
[White "Scrimgour, Alan"]
[Black "Bryant, Richard B E"]
[Result "1/2-1/2"]
[WhiteElo "2035"]
[BlackElo "1833"]
[PlyCount "54"]
[EventDate "2023.02.05"]
[WhiteTeam "CSC/Kingston 1"]
[BlackTeam "Shropshire & Friends"]

1. e4 e6 2. d4 d5 3. Nc3 Bb4 4. e5 Ne7 5. Qg4 g6 6. a3 Bxc3+ 7. bxc3 c5 8. Nf3
Qa5 9. Bd2 c4 10. Qf4 h6 11. g4 Bd7 12. Bg2 Ba4 13. Ra2 Nd7 14. h4 Rh7 15. Ke2
Qa6 16. Rb2 {(=)} Bc6 17. Ra1 Nb6 18. Bh3 Na4 19. Rbb1 b5 20. g5 h5 21. Kf1 Qb7
22. Ng1 Bd7 23. Ne2 a5 24. Qe3 Qa6 25. Kg1 Nb6 26. Kh1 Bc6 27. Kg1 Bd7 1/2-1/2

[Event "4NCL Division Three West"]
[Site "Daventry, ENG"]
[Date "2023.02.05"]
[Round "6.45"]
[White "Sloan, Cecil"]
[Black "Hasson, Peter"]
[Result "0-1"]
[WhiteElo "1654"]
[BlackElo "1929"]
[PlyCount "96"]
[EventDate "2023.02.05"]
[WhiteTeam "Shropshire & Friends"]
[BlackTeam "CSC/Kingston 1"]

1. e4 d6 2. d4 Nf6 3. Nc3 g6 4. Nf3 Bg7 5. h3 O-O 6. Be3 a6 7. a4 Nc6 8. Be2 e5
9. dxe5 dxe5 10. O-O Qe7 11. Nd5 Nxd5 12. Qxd5 Be6 13. Qc5 Qxc5 14. Bxc5 Rfe8
15. Rfd1 f6 16. Nd2 Bf8 17. Bxf8 Kxf8 18. Bc4 Nd4 19. Bxe6 Nxe6 20. Nb3 b6 21.
Rd7 Re7 22. Rxe7 Kxe7 23. Rd1 Rd8 24. Rxd8 Nxd8 25. Kf1 Kd6 26. Ke2 c5 27. Nd2
b5 28. axb5 axb5 29. c3 Ne6 30. g3 c4 31. b4 cxb3 32. Nxb3 Ng5 33. Ke3 Nxh3 34.
f4 g5 35. fxg5 Nxg5 36. Nd2 h5 37. Nf1 Ke6 38. Nd2 f5 39. exf5+ Kxf5 40. c4 b4
41. c5 Ke6 42. Kd3 Kd5 43. c6 e4+ 44. Ke3 Kxc6 45. Kf4 Kd5 46. Ke3 Kc5 47. Kf4
Kd4 48. Kxg5 Kd3 0-1

[Event "4NCL Division Three West"]
[Site "Daventry, ENG"]
[Date "2023.02.05"]
[Round "6.51"]
[White "Ogunshola, Ben"]
[Black "Eagleton, Greg T"]
[Result "1/2-1/2"]
[WhiteElo "2119"]
[BlackElo "2091"]
[PlyCount "62"]
[EventDate "2023.02.05"]
[WhiteTeam "Brown Jack"]
[BlackTeam "Chessable White Rose 3"]

1. c4 e5 2. Nc3 Nc6 3. g3 f5 4. Bg2 Nf6 5. a3 a5 6. e3 d6 7. Nge2 Bd7 8. d3 g6
9. Rb1 Bg7 10. b4 axb4 11. axb4 Qc8 12. Bd2 O-O 13. O-O g5 14. b5 Ne7 15. f4
gxf4 16. exf4 e4 17. dxe4 fxe4 18. Nxe4 Bf5 19. Nxf6+ Bxf6 20. Rc1 Qe6 21. Rf3
Bg4 22. Re3 Qd7 23. Bc3 Nf5 24. Re4 c6 25. bxc6 bxc6 26. Bxf6 Rxf6 27. Qd3 Ra2
28. Nd4 Qa7 29. h3 Be2 30. Rxe2 Rxe2 31. c5 Nxd4 1/2-1/2

[Event "4NCL Division Three West"]
[Site "Daventry, ENG"]
[Date "2023.02.05"]
[Round "6.52"]
[White "Edwards-Wright, Miles D"]
[Black "Parker, Francis"]
[Result "1/2-1/2"]
[WhiteElo "2045"]
[BlackElo "1986"]
[PlyCount "115"]
[EventDate "2023.02.05"]
[WhiteTeam "Chessable White Rose 3"]
[BlackTeam "Brown Jack"]

1. b3 d5 2. Bb2 Nc6 3. d3 e5 4. Nd2 Nf6 5. g3 Bc5 6. e3 Bg4 7. Ne2 Qd7 8. h3
Be6 9. Bg2 O-O-O 10. a3 d4 11. e4 g5 12. b4 Bd6 13. Nc4 Ne8 14. Qd2 h6 15. g4
h5 16. gxh5 f6 17. Ng3 Ne7 18. O-O-O Ng7 19. Qe2 Rh7 20. Bf3 Ng8 21. Bg4 Nh6
22. f3 Rdh8 23. c3 dxc3 24. Bxc3 Qf7 25. Rhg1 Kb8 26. Kb2 Re8 27. Bd2 Qf8 28.
Qe1 Bf7 29. Rh1 Qg8 30. Qe2 Ne6 31. Be3 Nf4 32. Bxf4 exf4 33. Nf5 Nxf5 34. Bxf5
Rxh5 35. Nxd6 cxd6 36. Rc1 Be6 37. Bg4 Rh7 38. Qd2 Qf8 39. Rhe1 {(=)} Qh8 40.
Qc3 Bxg4 41. hxg4 Rh2+ 42. Rc2 Rxc2+ 43. Qxc2 Rc8 44. Qe2 f5+ 45. e5 fxg4 46.
fxg4 Qxe5+ 47. Qxe5 dxe5 48. Rxe5 Rf8 49. Kc3 f3 50. Re1 Rf4 51. Rf1 Kc7 52.
Kd2 Rxg4 53. Rxf3 Rg2+ 54. Ke3 Ra2 55. Rg3 Rxa3 56. Rxg5 Ra4 57. Rg4 a5 58.
Rg7+ 1/2-1/2

[Event "4NCL Division Three West"]
[Site "Daventry, ENG"]
[Date "2023.02.05"]
[Round "6.53"]
[White "Jones, Mark A"]
[Black "Burnett, Jim"]
[Result "0-1"]
[WhiteElo "1843"]
[BlackElo "2047"]
[PlyCount "90"]
[EventDate "2023.02.05"]
[WhiteTeam "Brown Jack"]
[BlackTeam "Chessable White Rose 3"]

1. e4 d5 2. exd5 Qxd5 3. Nc3 Qd6 4. d4 Nf6 5. Nf3 c6 6. g3 Bf5 7. Bg2 e6 8. O-O
Be7 9. Bf4 Qd8 10. Na4 Nbd7 11. c4 O-O 12. Nc3 h6 13. c5 Nd5 14. Nxd5 exd5 15.
b4 a5 16. a3 Be4 17. b5 Bf6 18. b6 Bf5 19. a4 Re8 20. Ra3 Nf8 21. Bd2 Ne6 22.
Bc3 g5 23. Re1 Be4 24. Re2 g4 25. Ne1 Ng5 26. Re3 Qd7 27. f3 gxf3 28. Nxf3 Bxf3
29. Rxe8+ Qxe8 30. Bxf3 Qe3+ 31. Kg2 Bxd4 32. Bxd4 Qxa3 33. Bg4 Qa2+ 34. Kh1
Re8 35. h4 Nh7 36. Bh5 Re4 37. Qf3 Qb1+ 38. Kh2 f5 39. Qf2 Qe1 40. Qxe1 Rxe1
41. Bf3 Nf8 42. Bc3 Re3 43. Bxd5+ cxd5 44. Bxa5 Nd7 45. Bb4 Rb3 0-1

[Event "4NCL Division Three West"]
[Site "Daventry, ENG"]
[Date "2023.02.05"]
[Round "6.54"]
[White "Jeje, Ayodeji"]
[Black "Conterno, Dominique"]
[Result "1-0"]
[WhiteElo "2107"]
[BlackElo "1847"]
[PlyCount "61"]
[EventDate "2023.02.05"]
[WhiteTeam "Chessable White Rose 3"]
[BlackTeam "Brown Jack"]

1. d4 Nf6 2. Nf3 g6 3. Nc3 d5 4. Bf4 a6 5. e3 Bg7 6. Be2 O-O 7. Ne5 c5 8. Qd2
cxd4 9. exd4 Nc6 10. O-O-O Qa5 11. Kb1 Be6 12. f3 Rfc8 13. g4 Nb4 14. a3 Nc6
15. h4 b5 16. Nxc6 Rxc6 17. Nxd5 Qxd2 18. Nxf6+ Bxf6 19. Rxd2 Rd8 20. c3 Bc4
21. g5 Bg7 22. Bxc4 Rxc4 23. Re2 e6 24. Be5 Rd5 25. Rhe1 a5 26. Bxg7 Kxg7 27.
Re5 b4 28. Rxd5 exd5 29. Kc2 bxc3 30. bxc3 Rc6 31. Re7 1-0

[Event "4NCL Division Three West"]
[Site "Daventry, ENG"]
[Date "2023.02.05"]
[Round "6.55"]
[White "Fernando, Manel"]
[Black "Wills, Tom"]
[Result "0-1"]
[WhiteElo "1492"]
[BlackElo "2074"]
[PlyCount "52"]
[EventDate "2023.02.05"]
[WhiteTeam "Brown Jack"]
[BlackTeam "Chessable White Rose 3"]

1. d4 d5 2. Nf3 Nf6 3. Bf4 c5 4. e3 Nc6 5. h3 Qb6 6. b3 cxd4 7. exd4 Bf5 8. c3
Rc8 9. Be2 Ne4 10. O-O h6 11. Be3 e6 12. Ne5 Be7 13. c4 Qa5 14. Nxc6 Rxc6 15.
Bd3 O-O 16. a4 dxc4 17. Bxc4 Rd8 18. Qh5 Nf6 19. Qe2 a6 20. Nd2 Nd5 21. Qf3
Nxe3 22. fxe3 Qxd2 23. Rf2 Qc3 24. Raf1 Bg6 25. d5 exd5 26. Bxd5 Rf6 0-1

[Event "4NCL Division Three West"]
[Site "Daventry, ENG"]
[Date "2023.02.05"]
[Round "6.61"]
[White "Brackmann, Hendrik"]
[Black "Sajanani, Vikas"]
[Result "1-0"]
[WhiteElo "2064"]
[BlackElo "1927"]
[PlyCount "61"]
[EventDate "2023.02.05"]
[WhiteTeam "Oxford 2"]
[BlackTeam "Manchester Manticores"]

1. e4 e5 2. Nf3 Nc6 3. Bc4 Bc5 4. c3 Nf6 5. d4 exd4 6. e5 d5 7. Bb5 Ne4 8. cxd4
Bb4+ 9. Nbd2 O-O 10. O-O Bg4 11. Qa4 Bxd2 12. Nxd2 Bd7 13. f4 a6 14. Bxc6 Bxc6
15. Qb3 Bb5 16. Re1 Qd7 17. a4 Bc6 18. Rf1 Qf5 {(=)} 19. Qf3 h5 20. h3 Bd7 21.
Re1 Rfd8 22. Nf1 Qg6 23. Ne3 c6 24. f5 Qg3 25. Qf1 g6 26. Ra3 Qh4 27. f6 Kh7
28. Nd1 Rg8 29. Bf4 g5 30. Rxe4 dxe4 31. Bg3 1-0

[Event "4NCL Division Three West"]
[Site "Daventry, ENG"]
[Date "2023.02.05"]
[Round "6.62"]
[White "Potter, Steven"]
[Black "Phan, Stefanus Kf"]
[Result "0-1"]
[WhiteElo "1904"]
[BlackElo "1967"]
[PlyCount "88"]
[EventDate "2023.02.05"]
[WhiteTeam "Manchester Manticores"]
[BlackTeam "Oxford 2"]

1. d4 d5 2. Bg5 c6 3. e3 h6 4. Bh4 Qb6 5. Qc1 e5 6. c3 Nd7 7. Be2 Bd6 8. Bg3
Qc7 9. Nd2 Ne7 10. a3 a5 11. dxe5 Nxe5 12. Ngf3 Bf5 13. Nxe5 Bxe5 14. Bxe5 Qxe5
15. Nf3 Qf6 16. Qd1 O-O 17. Nd4 Bg6 18. O-O a4 19. Bd3 Nc8 20. Qc2 Bxd3 21.
Qxd3 Nd6 22. Nf3 Ra6 23. Rac1 Re8 24. Rc2 Re4 25. Nd2 Re5 26. Qd4 Qf5 27. Rfc1
Re6 28. c4 Rf6 29. f3 Rg6 30. cxd5 cxd5 31. Rc5 Qg5 32. g3 Nf5 33. Rc8+ Kh7 34.
Qf4 Qxf4 35. exf4 Rab6 36. Rb1 Rge6 37. Kf2 Nd4 38. Nf1 Re2+ 39. Kg1 Nxf3+ 40.
Kh1 d4 41. Rd8 Rc6 42. Rd1 Rcc2 43. R8xd4 Rxh2+ 44. Nxh2 Rxh2# 0-1

[Event "4NCL Division Three West"]
[Site "Daventry, ENG"]
[Date "2023.02.05"]
[Round "6.63"]
[White "Wilson, Edgar"]
[Black "Lonsdale, Jon I"]
[Result "1/2-1/2"]
[WhiteElo "2000"]
[BlackElo "1882"]
[PlyCount "123"]
[EventDate "2023.02.05"]
[WhiteTeam "Oxford 2"]
[BlackTeam "Manchester Manticores"]

1. e4 c5 2. Nf3 Nc6 3. d4 cxd4 4. Nxd4 e5 5. Nb5 d6 6. N1c3 a6 7. Na3 b5 8. Nd5
Nge7 9. Bd3 Nxd5 10. exd5 Nd4 11. c3 Nf5 12. O-O g6 13. Nc2 Bg7 14. a4 bxa4 15.
Rxa4 O-O 16. Qe2 Bb7 17. Bc4 a5 18. Rd1 Qd7 19. Bb5 Qc8 20. Ne3 Nxe3 21. Bxe3
f5 22. Bb6 f4 23. f3 g5 24. Rc4 Qf5 25. Rc7 Rf7 26. Bd3 Qf6 27. Qe4 Bf8 28. h3
Ba6 29. Ra1 Bxd3 30. Qxd3 Rb8 31. Rxf7 Qxf7 32. Bxa5 Rxb2 33. Bb4 Qg6 34. Qxg6+
hxg6 35. Ra6 Rd2 36. Bxd6 Rxd5 37. Bxf8 Kxf8 38. Rxg6 Kf7 39. Rc6 Rd1+ 40. Kh2
Rd2 41. Rc4 Ke6 42. Rc8 Rc2 43. c4 Kd7 44. Rg8 Rxc4 45. Rxg5 Ke6 46. Rg8 Rc7
47. h4 Kf7 48. Rg4 Kf6 49. Kh3 Rc1 50. Kh2 Rd1 51. Rg8 Kf7 52. Rg5 Kf6 53. Rg4
Rc1 54. h5 Rd1 55. Rg6+ Kf5 56. g4+ fxg3+ 57. Rxg3 e4 58. fxe4+ Kxe4 59. Kh3
Kf5 60. Kg2 Rd2+ 61. Kh3 Rd1 62. Kg2 1/2-1/2

[Event "4NCL Division Three West"]
[Site "Daventry, ENG"]
[Date "2023.02.05"]
[Round "6.64"]
[White "Livesey, R Nigel"]
[Black "Gurner, Jem"]
[Result "0-1"]
[WhiteElo "1818"]
[BlackElo "1840"]
[PlyCount "90"]
[EventDate "2023.02.05"]
[WhiteTeam "Manchester Manticores"]
[BlackTeam "Oxford 2"]

1. c4 g6 2. g3 Bg7 3. Bg2 e5 4. Nc3 d6 5. e4 Nc6 6. Nge2 f5 7. d3 Nf6 8. O-O
O-O 9. f4 Nd4 10. Nxd4 exd4 11. Ne2 c6 12. Kh1 Qb6 13. exf5 Bxf5 14. h3 Rae8
15. g4 Bd7 16. Ng3 Kh8 17. f5 gxf5 18. Nxf5 Bxf5 19. Rxf5 Re5 20. Rxe5 dxe5 21.
g5 Nd7 22. Qh5 Qb4 23. Qh4 Rf7 24. g6 Bf6 25. Bg5 Bxg5 26. Qxg5 Qe7 27. Qxe7
Rxe7 28. gxh7 Nc5 29. Rd1 a5 30. b3 Kxh7 31. Kg1 Kg6 32. Kf2 Kg5 33. Kg3 Rh7
34. Rh1 Rh4 35. Rd1 Rh6 36. Rd2 Kf5 37. Rf2+ Ke6 38. Rd2 e4 39. Bxe4 Nxe4+ 40.
dxe4 Ke5 41. h4 Kxe4 42. Rf2 d3 43. Rf8 d2 44. Rd8 Ke3 45. Rd7 Ke2 0-1

[Event "4NCL Division Three West"]
[Site "Daventry, ENG"]
[Date "2023.02.05"]
[Round "6.65"]
[White "Davis, Cameron"]
[Black "Pardoe, David"]
[Result "1-0"]
[WhiteElo "1935"]
[BlackElo "1797"]
[PlyCount "45"]
[EventDate "2023.02.05"]
[WhiteTeam "Oxford 2"]
[BlackTeam "Manchester Manticores"]

1. e4 d5 2. exd5 Qxd5 3. Nc3 Qa5 4. d4 c6 5. Nf3 Nf6 6. Bc4 Bf5 7. Bd2 Qc7 8.
Ne5 e6 9. g4 Bg6 10. Qe2 Bd6 11. h4 Bxe5 12. dxe5 Nd5 13. h5 Bxc2 14. h6 gxh6
15. Bxd5 exd5 16. Rc1 d4 17. Rxc2 Qd8 18. e6 f6 19. e7 Qd7 20. Ne4 Qe6 21. Rxh6
Nd7 22. Nxf6+ Kxe7 23. Ng8+ 1-0

[Event "4NCL Division Three West"]
[Site "Daventry, ENG"]
[Date "2023.03.19"]
[Round "8.11"]
[White "Southcott-Moyers, Indy"]
[Black "Baker, Chris W"]
[Result "1-0"]
[WhiteElo "2094"]
[BlackElo "2235"]
[PlyCount "65"]
[EventDate "2023.03.19"]
[WhiteTeam "West is Best 2"]
[BlackTeam "Warwickshire Select 1"]

1. d4 Nf6 2. c4 e6 3. Nf3 Bb4+ 4. Bd2 c5 5. Bxb4 cxb4 6. e3 b6 7. a3 Qe7 8. Bd3
Bb7 9. axb4 Qxb4+ 10. Qd2 Qxd2+ 11. Kxd2 Nc6 12. Nc3 Ke7 13. Rhc1 Rhc8 14. Ra3
Nb4 15. Be2 Ne4+ 16. Nxe4 Bxe4 17. Ne1 f5 18. f3 Bb7 19. Nd3 Nxd3 20. Bxd3 g5
21. Rca1 g4 22. fxg4 fxg4 23. e4 a6 24. Rb3 g3 25. hxg3 Rg8 26. Rxb6 Raf8 27.
Rh1 Rxg3 28. Rxh7+ Kd8 29. Rh2 Kc7 30. c5 Rgg8 31. e5 Re8 32. Bxa6 Bxa6 33.
Rxa6 1-0

[Event "4NCL Division Three West"]
[Site "Daventry, ENG"]
[Date "2023.03.19"]
[Round "8.12"]
[White "Pitcher, John"]
[Black "Saunders, Aron"]
[Result "1/2-1/2"]
[WhiteElo "2209"]
[BlackElo "2101"]
[PlyCount "91"]
[EventDate "2023.03.19"]
[WhiteTeam "Warwickshire Select 1"]
[BlackTeam "West is Best 2"]

1. e4 c6 2. d4 d5 3. exd5 cxd5 4. Bd3 Nc6 5. c3 Nf6 6. Bf4 Bg4 7. Qb3 Qd7 8.
Nd2 e6 9. Ngf3 Bd6 10. Bxd6 Qxd6 11. O-O O-O 12. Rfe1 Ne7 13. Ne5 Bf5 14. Bf1
Qc7 15. h3 h6 16. a4 Nc6 17. Nd3 Rfe8 18. Nc5 Rab8 19. Bb5 a6 20. Bd3 Bxd3 21.
Nxd3 Re7 22. Qd1 e5 23. dxe5 Nxe5 24. Nxe5 Rxe5 25. Rxe5 Qxe5 26. Nf3 Qc7 27.
Qd4 Re8 28. Re1 Rxe1+ 29. Nxe1 Qe7 30. Kf1 Qe4 31. Qxe4 dxe4 32. Ke2 Nd5 33. c4
Nb6 34. b3 f5 35. Ke3 Kf7 36. Kd4 Ke6 37. a5 Nd7 38. b4 Kd6 39. Nc2 Ne5 40. b5
Nd3 41. Ne3 g6 42. f3 Nc5 43. fxe4 Ne6+ 44. Kd3 Nc5+ 45. Kd4 Ne6+ 46. Kd3
1/2-1/2

[Event "4NCL Division Three West"]
[Site "Daventry, ENG"]
[Date "2023.03.19"]
[Round "8.13"]
[White "Bullen, Alex"]
[Black "Larsen, Pelle O."]
[Result "1/2-1/2"]
[WhiteElo "2148"]
[BlackElo "2137"]
[PlyCount "179"]
[EventDate "2023.03.19"]
[WhiteTeam "West is Best 2"]
[BlackTeam "Warwickshire Select 1"]

1. d4 Nf6 2. Nf3 g6 3. Nbd2 c5 4. dxc5 Qa5 5. a3 Qxc5 6. b4 Qc7 7. Bb2 Bg7 8.
c4 d6 9. g3 b6 10. Bg2 Bb7 11. O-O O-O 12. Qb3 Nbd7 13. Rfc1 Rac8 14. Nf1 Qb8
15. Ne3 Qa8 16. Rd1 Rfe8 17. Rac1 Rc7 18. Nd5 Nxd5 19. cxd5 Rxc1 20. Bxc1 Rc8
21. Ng5 h6 22. Nh3 Rc3 23. Qa4 Qc8 24. Bb2 Rc7 25. Bxg7 Kxg7 26. Nf4 a6 27. Bh3
b5 28. Qb3 Rc4 29. Qe3 Qd8 30. Bxd7 Qxd7 31. h4 Bc8 32. Rd4 Qa7 33. Nh5+ Kh7
34. Qf3 f6 35. Rxc4 bxc4 36. Nf4 Qd4 37. h5 g5 38. Ne6 Bxe6 39. dxe6 Qe5 40.
Qa8 Qxe6 41. Qxa6 Qxe2 42. Qc8 Qe1+ 43. Kg2 Qe4+ 44. Kg1 Kg7 45. Qc7 Kf7 46.
Kh2 Qd4 47. Kg2 c3 48. b5 Qc5 49. Qxc5 dxc5 50. b6 c2 51. b7 c1=Q 52. b8=Q Qxa3
53. Qh8 Qd3 54. Qxh6 c4 55. Qh8 c3 56. h6 Qe4+ 57. f3 Qc2+ 58. Kh3 Qg6 59. Qc8
c2 60. Qc4+ e6 61. Qc7+ Kg8 62. Kg2 g4 63. fxg4 e5 64. Kf3 Qd3+ 65. Kg2 Qd2+
66. Kf3 Qd3+ 67. Kg2 Qg6 68. Kf3 e4+ 69. Kg2 e3 70. Qd8+ Kf7 71. Qd7+ Kf8 72.
Qd6+ Kg8 73. Qe6+ Kh7 74. Qxe3 f5 75. Qe7+ Kxh6 76. Qh4+ Kg7 77. Qe7+ Qf7 78.
Qg5+ Qg6 79. Qe7+ Qf7 80. Qg5+ Kh7 81. gxf5 Qd5+ 82. Kh2 Qd1 83. Qg6+ Kh8 84.
Qe8+ Kh7 85. Qe7+ Kg8 86. Qe6+ Kh8 87. Qh6+ Kg8 88. Qe6+ Kh8 89. Qh6+ Kg8 90.
Qg6+ 1/2-1/2

[Event "4NCL Division Three West"]
[Site "Daventry, ENG"]
[Date "2023.03.19"]
[Round "8.14"]
[White "James, Russell A"]
[Black "Rathbone-Jones, Ifan"]
[Result "0-1"]
[WhiteElo "2142"]
[BlackElo "2050"]
[PlyCount "56"]
[EventDate "2023.03.19"]
[WhiteTeam "Warwickshire Select 1"]
[BlackTeam "West is Best 2"]

1. e4 d6 2. d4 Nf6 3. Nc3 g6 4. Be3 a6 5. h3 Nbd7 6. Nf3 e5 7. Bc4 Bg7 8. dxe5
dxe5 9. a4 O-O 10. O-O b6 11. Qd2 Bb7 12. Rad1 Qe7 13. Ng5 Rad8 14. Rfe1 Nb8
15. Qxd8 Rxd8 16. Rxd8+ Qxd8 17. Nxf7 Qe7 18. Nd6+ Kf8 19. Nxb7 c6 20. Bxb6
Qxb7 21. Bc5+ Ke8 22. f4 Nbd7 23. Ba3 Bf8 24. Bxf8 Kxf8 25. fxe5 Qxb2 26. Nd1
Qd4+ 27. Ne3 Nxe4 28. Bb3 Qd2 0-1

[Event "4NCL Division Three West"]
[Site "Daventry, ENG"]
[Date "2023.03.19"]
[Round "8.15"]
[White "Freeland, Alex"]
[Black "Valdepenas Octavio, Javier"]
[Result "1/2-1/2"]
[WhiteElo "2086"]
[BlackElo "2210"]
[PlyCount "97"]
[EventDate "2023.03.19"]
[WhiteTeam "West is Best 2"]
[BlackTeam "Warwickshire Select 1"]

1. d4 d5 2. c4 e6 3. Nc3 Nf6 4. cxd5 exd5 5. Bg5 Nbd7 6. e3 c6 7. Bd3 Be7 8.
Nge2 h6 9. Bh4 Nh5 10. Bxe7 Qxe7 11. O-O O-O 12. Qc2 Nb6 13. Rab1 a5 14. a3 Be6
15. b4 Nc4 16. Bxc4 dxc4 17. Rfd1 Rfd8 18. e4 axb4 19. axb4 Qg5 20. b5 Bg4 21.
bxc6 Bf3 22. Ng3 Nxg3 23. gxf3 Nxe4+ 24. Kf1 Nxc3 25. cxb7 Nxb1 26. bxa8=Q Rxa8
27. Rxb1 Rc8 28. Rd1 Qf4 29. Kg2 Rc6 30. Qe4 Rg6+ 31. Kf1 Qxh2 32. Qe8+ Kh7 33.
Qxf7 Qh3+ 34. Ke2 Re6+ 35. Kd2 c3+ 36. Kxc3 Rf6 37. Qc4 Rxf3+ 38. Rd3 h5 39. d5
Rxd3+ 40. Qxd3+ Qxd3+ 41. Kxd3 Kg6 42. Ke4 Kf6 43. f4 g6 44. Kf3 Ke7 45. f5
gxf5 46. Kf4 Kd6 47. Kxf5 Kxd5 48. Kg5 Ke5 49. Kxh5 1/2-1/2

[Event "4NCL Division Three West"]
[Site "Daventry, ENG"]
[Date "2023.03.19"]
[Round "8.16"]
[White "Brooks, Phil J"]
[Black "Taylor, William J"]
[Result "1/2-1/2"]
[WhiteElo "2133"]
[BlackElo "2070"]
[PlyCount "68"]
[EventDate "2023.03.19"]
[WhiteTeam "Warwickshire Select 1"]
[BlackTeam "West is Best 2"]

1. d4 d5 2. c4 e6 3. Nc3 Nf6 4. cxd5 exd5 5. Bg5 c6 6. e3 h6 7. Bh4 Be7 8. Bd3
O-O 9. Qc2 Re8 10. Nge2 Nbd7 11. O-O a5 12. Rad1 b5 13. Rfe1 Ba6 14. f3 Qb6 15.
Bf2 b4 16. Na4 Bxd3 17. Qxd3 Qb5 18. b3 Rac8 19. Qf5 g6 20. Qb1 Rf8 21. Nf4 Nb6
22. Nxb6 Qxb6 23. Nd3 Qb5 24. Rc1 Rc7 25. Qc2 Bd6 26. Bg3 Bxg3 27. hxg3 Nd7 28.
Kf2 c5 29. dxc5 Nxc5 30. Nxc5 Rxc5 31. Qe2 a4 32. Rxc5 Qxc5 33. Qd2 axb3 34.
axb3 Rc8 1/2-1/2

[Event "4NCL Division Three West"]
[Site "Daventry, ENG"]
[Date "2023.03.19"]
[Round "8.21"]
[White "Shearsby, Jude"]
[Black "Finn, Peter"]
[Result "0-1"]
[WhiteElo "2173"]
[BlackElo "2245"]
[PlyCount "94"]
[EventDate "2023.03.19"]
[WhiteTeam "Warwickshire Select 2"]
[BlackTeam "CSC/Kingston 1"]

1. e4 c5 2. Nf3 e6 3. Qe2 Nf6 4. g3 d5 5. e5 Nfd7 6. Bg2 Be7 7. d3 b5 8. h4 Nc6
9. Bf4 h6 10. Nbd2 a5 11. g4 Nf8 12. Bg3 c4 13. Nb1 Ba6 14. O-O b4 15. Nbd2
cxd3 16. cxd3 Ng6 17. Rac1 Rc8 18. h5 Nh4 19. Bxh4 Bxh4 20. Nb3 Be7 21. Nbd4
Nxd4 22. Nxd4 Qb6 23. Rxc8+ Bxc8 24. Nf3 O-O 25. Rc1 Ba6 26. Qd2 b3 27. a3 Rc8
28. Rxc8+ Bxc8 29. Qc1 Ba6 30. Bf1 d4 31. a4 Bb7 32. Bg2 Qc6 33. Qxc6 Bxc6 34.
Nxd4 Bxa4 35. Nc6 Ba3 36. Nxa5 Bxb2 37. d4 Bxd4 38. Be4 Bxe5 39. Nc4 Bd4 40.
Nd2 b2 41. Kf1 Bb5+ 42. Ke1 Bc3 43. Kd1 Bxd2 44. Kxd2 Bc6 45. Bd3 Bf3 46. g5
Bxh5 47. Ke3 Bg6 0-1

[Event "4NCL Division Three West"]
[Site "Daventry, ENG"]
[Date "2023.03.19"]
[Round "8.22"]
[White "Farrand, Tom"]
[Black "Sandhu, Manvith"]
[Result "1/2-1/2"]
[WhiteElo "2139"]
[BlackElo "2037"]
[PlyCount "59"]
[EventDate "2023.03.19"]
[WhiteTeam "CSC/Kingston 1"]
[BlackTeam "Warwickshire Select 2"]

1. c4 c6 2. Nf3 Nf6 3. Nc3 d5 4. e3 e6 5. b3 Nbd7 6. Bb2 b6 7. Be2 Be7 8. Qc2
Bb7 9. O-O O-O 10. Rac1 c5 11. cxd5 Nxd5 12. Nxd5 Bxd5 13. Rfd1 Bf6 14. d4 cxd4
15. Nxd4 Rc8 16. Qd2 Qe7 17. Ba6 Rxc1 18. Rxc1 Nb8 19. Bb5 Qb7 20. f3 a6 21.
Bf1 Rc8 22. e4 Rxc1 23. Qxc1 Bc6 24. Nxc6 Bxb2 25. Qxb2 Qxc6 26. Qd4 Qc5 27.
Qxc5 bxc5 28. Kf2 e5 29. Ke3 Kf8 30. f4 1/2-1/2

[Event "4NCL Division Three West"]
[Site "Daventry, ENG"]
[Date "2023.03.19"]
[Round "8.23"]
[White "Pal, Rohan"]
[Black "Frostick, Clive A"]
[Result "1/2-1/2"]
[WhiteElo "2001"]
[BlackElo "2126"]
[PlyCount "58"]
[EventDate "2023.03.19"]
[WhiteTeam "Warwickshire Select 2"]
[BlackTeam "CSC/Kingston 1"]

1. e4 c5 2. Nf3 Nf6 3. e5 Nd5 4. Nc3 Nxc3 5. dxc3 Nc6 6. Bf4 e6 7. Qd2 h6 8. h4
b6 9. O-O-O Bb7 10. Qe3 Qc7 11. Nd2 Ne7 12. Nc4 Nd5 13. Qg3 Nxf4 14. Qxf4 b5
15. Nd6+ Bxd6 16. exd6 Qa5 17. Kb1 O-O 18. Rg1 f6 19. g4 Bd5 20. Rxd5 exd5 21.
Qf5 Rae8 22. Bd3 Re5 23. Qh7+ Kf7 24. Bg6+ Ke6 25. Qxg7 Qd8 26. f4 Re3 27. Qxh6
Kxd6 28. Rd1 Qe7 29. Qh5 Qe6 1/2-1/2

[Event "4NCL Division Three West"]
[Site "Daventry, ENG"]
[Date "2023.03.19"]
[Round "8.24"]
[White "Scrimgour, Alan"]
[Black "Dicen, Elis Denele"]
[Result "1/2-1/2"]
[WhiteElo "2025"]
[BlackElo "1998"]
[PlyCount "37"]
[EventDate "2023.03.19"]
[WhiteTeam "CSC/Kingston 1"]
[BlackTeam "Warwickshire Select 2"]

1. e4 c6 2. d4 d5 3. exd5 cxd5 4. c4 Nf6 5. Nc3 Nc6 6. Bg5 e6 7. Nf3 Be7 8. Bd3
dxc4 9. Bxc4 O-O 10. O-O b6 11. Rc1 Bb7 12. a3 Rc8 13. Ba2 Na5 14. Qd3 Bxf3 15.
Qxf3 h6 16. Bf4 Nc6 17. d5 exd5 18. Nxd5 Nxd5 19. Qxd5 1/2-1/2

[Event "4NCL Division Three West"]
[Site "Daventry, ENG"]
[Date "2023.03.19"]
[Round "8.25"]
[White "Green, Anthony J"]
[Black "Rice, Chris B"]
[Result "1/2-1/2"]
[WhiteElo "1961"]
[BlackElo "1952"]
[PlyCount "73"]
[EventDate "2023.03.19"]
[WhiteTeam "Warwickshire Select 2"]
[BlackTeam "CSC/Kingston 1"]

1. d4 Nf6 2. c4 g6 3. Nc3 Bg7 4. e4 d6 5. f3 O-O 6. Bg5 Na6 7. Nge2 c5 8. d5
Bd7 9. Qd2 Re8 10. g3 Nc7 11. Bg2 a6 12. O-O b5 13. f4 h6 14. Bh4 Nh7 15. e5 f6
16. e6 g5 17. exd7 Qxd7 18. f5 bxc4 19. Nf4 gxf4 20. Qxf4 Rab8 21. Rf2 Ng5 22.
Qxc4 Rb4 23. Qe2 Nf7 24. Rd1 Ne5 25. h3 Reb8 26. b3 Nb5 27. Nxb5 Qxb5 28. Bf1
Qxe2 29. Bxe2 a5 30. Rf4 Kf8 31. Rxb4 Rxb4 32. g4 h5 33. Be1 Re4 34. Bb5 hxg4
35. hxg4 Rxg4+ 36. Kf2 Rf4+ 37. Kg3 1/2-1/2